000
00303nam a2200133Ia 4500
008
190723s9999 xx 000 0 und d
020
_a
978-1-449-35573-9
100
_a
Mark Latz
245
0
_a
Learning Python
250
_a
5th
260
_a
Tokyo
_b
O Reilly
_c
2013
300
_a
1500:P
942
_c
BK
999
_c
2058
_d
2058